000
00262nam a22001217a 4500
082
_a
574
_b
BHA/B
100
_a
K.N.BHATIA, K.BHATIA
245
_a
OBJECTIVE BIOLOGY
260
_a
DELHI
_b
DINESH & CO
300
_a
1384
650
_a
TOPPERS CHOICE
_z
INDIA
942
_c
BK
999
_c
494
_d
494